| 000 -LEADER |
| fixed length control field |
00942pab a2200169 454500 |
| 008 - FIXED-LENGTH DATA ELEMENTS--GENERAL INFORMATION |
| fixed length control field |
180718b2007 xxu||||| |||| 00| 0 eng d |
| 100 ## - MAIN ENTRY--PERSONAL NAME |
| Personal name |
Venida, Victor S. |
| 245 ## - TITLE STATEMENT |
| Title |
Marxian categories empirically estimated: the Philippines, 1961-1994 |
| 260 ## - PUBLICATION, DISTRIBUTION, ETC. |
| Date of publication, distribution, etc. |
2007 |
| 300 ## - PHYSICAL DESCRIPTION |
| Extent |
p.58-79. |
| 362 ## - DATES OF PUBLICATION AND/OR SEQUENTIAL DESIGNATION |
| Dates of publication and/or sequential designation |
Winter |
| 520 ## - SUMMARY, ETC. |
| Summary, etc. |
The article uses a formal model to estimate rates of surplus creation and use for the Philippines. Input-output tables from 1961 to 1994 were used in the estimation. The theoretical framework was the model of social disarticulation, which argued that income inequality and labor surplus resulted in substantial rates of surplus. Results for the Philippines confirmed these arguments and also suggested that a large portion of the surplus might have been devoted to unproductive purposes. - Reproduced. |
| 650 ## - SUBJECT ADDED ENTRY--TOPICAL TERM |
| Topical term or geographic name entry element |
Marxian, economics |
| 773 ## - HOST ITEM ENTRY |
| Main entry heading |
Review of Radical Political Economics |
| 908 ## - PUT COMMAND PARAMETER (RLIN) |
| Put command parameter |
N |
| 909 ## - |
| -- |
74616 |